[Event "SR 2. liga A 2015/2016"]
[Site "?"]
[Date "2015.10.18"]
[Round "2.3"]
[White "Drtina, Milan"]
[Black "Slapak, Zdenek"]
[Result "0-1"]
[WhiteElo "2174"]
[BlackElo "2107"]
[PlyCount "129"]
[EventDate "2015.??.??"]

1. e4 e5 2. Nf3 Nc6 3. Bb5 a6 4. Ba4 Nf6 5. O-O Be7 6. Re1 b5 7. Bb3 d6 8. c3
O-O 9. h3 Nb8 10. d4 Nbd7 11. Nbd2 Bb7 12. Bc2 c5 13. d5 Re8 14. Nf1 Nf8 15.
Be3 Ng6 16. g4 Bc8 17. N3h2 Nd7 18. Qd2 h6 19. Nf3 Ndf8 20. Ng3 Nh4 21. Nxh4
Bxh4 22. Kh2 Ng6 23. Nh5 Bg5 24. Rf1 Qe7 25. a4 Bd7 26. Bxg5 hxg5 27. f3 f6 28.
Ng3 Kf7 29. Rh1 Qf8 30. Qf2 Reb8 31. axb5 axb5 32. b4 cxb4 33. cxb4 Qc8 34. Qd2
Nf4 35. Ne2 Nxe2 36. Qxe2 Qc3 37. Rxa8 Rxa8 38. Bd3 Ra3 39. Rd1 Qxb4 40. Kg3
Qc3 41. h4 gxh4+ 42. Kxh4 b4 43. g5 fxg5+ 44. Kg3 b3 45. Qe3 Ra1 46. Rxa1 Qxa1
47. Kf2 Kf6 48. Ke2 Qa5 49. Qc1 Qa2+ 50. Ke3 Qa7+ 51. Ke2 Qb6 52. Qb2 Qb4 53.
Qa1 b2 54. Qa8 Qb6 55. Qf8+ Kg6 56. Qe7 Qc7 57. Kd2 Qc1+ 58. Ke2 Qc7 59. Kd2
Kh6 60. Qf8 Qc1+ 61. Ke2 b1=Q 62. Qxd6+ Kh7 63. Bxb1 Bb5+ 64. Kf2 Qf1+ 65. Kg3
0-1

[Event "SR 2. liga A 2015/2016"]
[Site "?"]
[Date "2015.10.18"]
[Round "2.3"]
[White "Kolcak, Marek"]
[Black "Arendas, Marek"]
[Result "0-1"]
[WhiteElo "2088"]
[BlackElo "2141"]
[PlyCount "112"]
[EventDate "2015.??.??"]

1. e4 c5 2. Nf3 Nc6 3. d4 cxd4 4. Nxd4 e6 5. Nc3 Nf6 6. g3 d5 7. Bg2 Qb6 8.
Nxc6 bxc6 9. O-O Ba6 10. Re1 Bc5 11. Qf3 Ng4 12. Nd1 Nf6 13. exd5 cxd5 14. Qb3
Rc8 15. Bg5 O-O 16. Bxf6 gxf6 17. Qf3 f5 18. c3 d4 19. Qf4 Qd8 20. g4 fxg4 21.
Re5 Bd3 22. Rg5+ Bg6 23. Rxg4 e5 24. Qh6 Qf6 25. h4 dxc3 26. bxc3 Rfd8 27. Ne3
Bf8 28. Qg5 Qxg5 29. Rxg5 f6 30. Bd5+ Kh8 31. Rg3 f5 32. Be6 f4 33. Rxg6 hxg6
34. Bxc8 Rxc8 35. Nd5 Rc5 36. Rd1 Kg7 37. f3 Kf7 38. Rd3 Ke6 39. Nb4 Be7 40.
Kg2 Bxh4 41. Na6 Rc8 42. c4 Rxc4 43. Ra3 Rc2+ 44. Kh3 Kf5 45. Nb4 Re2 46. Rc3
Be1 47. Rc2 Re3 48. Nc6 Rxf3+ 49. Kg2 Ra3 50. Kf1 Bh4 51. Re2 Bf6 52. Nb4 g5
53. Nd5 g4 54. Rh2 g3 55. Rc2 f3 56. Rc6 Bg5 0-1

[Event "SR 2. liga A 2015/2016"]
[Site "?"]
[Date "2015.10.18"]
[Round "2.3"]
[White "Nicolini, Alexander"]
[Black "Sulek, Viliam"]
[Result "1/2-1/2"]
[WhiteElo "2142"]
[BlackElo "2044"]
[PlyCount "65"]
[EventDate "2015.??.??"]

1. e4 c5 2. Nf3 Nc6 3. c3 d5 4. exd5 Qxd5 5. d4 cxd4 6. cxd4 e5 7. Nc3 Bb4 8.
Bd2 Bxc3 9. Bxc3 e4 10. Ne5 Nxe5 11. dxe5 Ne7 12. Qa4+ Bd7 13. Qa3 Qe6 14. Rd1
O-O 15. Rd6 Qf5 16. Be2 Be6 17. O-O Ng6 18. Bd4 h5 19. Re1 h4 20. f3 h3 21.
fxe4 Qxe4 22. Qf3 Qh4 23. Qg3 Rfc8 24. Bd3 Qxg3 25. hxg3 Ne7 26. Be4 Nc6 27.
Bc3 hxg2 28. a3 Rab8 29. Kxg2 Ne7 30. Red1 Nf5 31. R6d3 b6 32. Kf3 g6 33. R1d2
1/2-1/2

[Event "SR 2. liga A 2015/2016"]
[Site "?"]
[Date "2015.10.18"]
[Round "2.3"]
[White "Vimmer, Michal"]
[Black "Sturdik, Igor"]
[Result "1/2-1/2"]
[WhiteElo "1997"]
[BlackElo "1994"]
[PlyCount "48"]
[EventDate "2015.??.??"]

1. d4 Nf6 2. c4 c5 3. d5 e6 4. Nc3 exd5 5. cxd5 d6 6. e4 g6 7. f4 Bg7 8. Nf3
O-O 9. Bd3 Re8 10. O-O c4 11. Bc2 Na6 12. h3 Rb8 13. Be3 b5 14. e5 Nd7 15. Bxa7
Rb7 16. Bd4 dxe5 17. fxe5 Nxe5 18. Nxe5 Bxe5 19. Bxe5 Rxe5 20. Qd4 Qb6 21. Rad1
Bd7 22. Kh2 Qxd4 23. Rxd4 f5 24. d6 Bc6 1/2-1/2

[Event "SR 2. liga A 2015/2016"]
[Site "?"]
[Date "2015.10.18"]
[Round "2.3"]
[White "Puchart, Vladimir"]
[Black "Breja, Stanislav"]
[Result "1/2-1/2"]
[WhiteElo "2027"]
[BlackElo "1990"]
[PlyCount "69"]
[EventDate "2015.??.??"]

1. d4 d5 2. Nf3 Nf6 3. c4 dxc4 4. Nc3 a6 5. a4 e6 6. e3 c5 7. Bxc4 Nc6 8. O-O
Be7 9. dxc5 Qxd1 10. Rxd1 Bxc5 11. h3 O-O 12. e4 e5 13. Bg5 Be6 14. Bd5 Rfe8
15. Rac1 Rab8 16. Ne2 Ba7 17. Ng3 Bxd5 18. exd5 Nd4 19. Bxf6 gxf6 20. Nxd4 Bxd4
21. Rc7 Rec8 22. Rdc1 Rxc7 23. Rxc7 Kg7 24. Nf5+ Kg6 25. Nxd4 exd4 26. Rc4 b5
27. Rb4 Kf5 28. d6 Ke5 29. axb5 a5 30. Ra4 Kxd6 31. Rxa5 Kc5 32. b6+ Kc4 33.
Ra4+ Kc5 34. Ra5+ Kc4 35. Ra4+ 1/2-1/2

[Event "SR 2. liga A 2015/2016"]
[Site "?"]
[Date "2015.10.18"]
[Round "2.3"]
[White "Briestenska, Andrea"]
[Black "Stetina, Erik"]
[Result "1/2-1/2"]
[WhiteElo "1978"]
[BlackElo "2018"]
[PlyCount "50"]
[EventDate "2015.??.??"]

1. f4 Nf6 2. Nf3 g6 3. b3 Bg7 4. Bb2 O-O 5. e3 c5 6. Be2 Nc6 7. O-O d5 8. Ne5
Qb6 9. Nxc6 bxc6 10. Kh1 Bf5 11. Nc3 a5 12. Na4 Qa7 13. d3 Rfd8 14. Bf3 Rac8
15. Qe2 c4 16. dxc4 dxc4 17. e4 Be6 18. Rad1 cxb3 19. cxb3 c5 20. Rxd8+ Rxd8
21. Rc1 Rc8 22. Qf2 Qb8 23. Be5 Qb4 24. Qe3 c4 25. Nb6 Rc6 1/2-1/2

[Event "SR 2. liga A 2015/2016"]
[Site "?"]
[Date "2015.10.18"]
[Round "2.3"]
[White "Doucha, Ludvig"]
[Black "Vadila, Ondrej"]
[Result "1-0"]
[WhiteElo "1992"]
[BlackElo "1735"]
[PlyCount "99"]
[EventDate "2015.??.??"]

1. e4 c5 2. c4 Nc6 3. Ne2 Nf6 4. Nbc3 d6 5. d4 cxd4 6. Nxd4 g6 7. Be2 Bg7 8.
Be3 O-O 9. O-O Bd7 10. h3 Nxd4 11. Bxd4 Bc6 12. Qd3 a6 13. b4 Rc8 14. Nd5 Nxd5
15. exd5 Bd7 16. Bxg7 Kxg7 17. Qd4+ f6 18. Rfc1 b6 19. c5 bxc5 20. bxc5 dxc5
21. Rxc5 Qb6 22. Rac1 Rxc5 23. Qxc5 Qxc5 24. Rxc5 Rc8 25. Ra5 Ra8 26. Rxa6 Rxa6
27. Bxa6 Kf8 28. Bc4 Ke8 29. Kf1 Kd8 30. Ke2 Kc7 31. Ke3 Kb6 32. Kd4 Be8 33. h4
Bd7 34. g3 Be8 35. Bd3 Bd7 36. f3 f5 37. Be2 h6 38. f4 h5 39. Bc4 Bc8 40. d6
exd6 41. Bf7 Kb5 42. Kd5 Kb4 43. Kxd6 Kc3 44. Ke5 Kd3 45. Kf6 Ke3 46. Kxg6 Kf3
47. Kxh5 Kxg3 48. Kg5 Bb7 49. h5 Bf3 50. h6 1-0

[Event "SR 2. liga A 2015/2016"]
[Site "?"]
[Date "2015.10.18"]
[Round "2.4"]
[White "Janos, Martin"]
[Black "Gasa, Andrej"]
[Result "0-1"]
[WhiteElo "2269"]
[BlackElo "2327"]
[PlyCount "50"]
[EventDate "2015.??.??"]

1. e4 c5 2. d4 cxd4 3. Nf3 d6 4. c3 Nf6 5. Qxd4 Nc6 6. Qe3 g6 7. Bc4 Bg7 8.
Nbd2 O-O 9. h3 d5 10. Bd3 e5 11. Bc2 d4 12. Qe2 Nh5 13. Nb3 dxc3 14. bxc3 Nf4
15. Qf1 Qc7 16. Bd2 Rd8 17. g3 Ne6 18. Qe2 a5 19. O-O a4 20. Nc1 Ncd4 21. cxd4
Qxc2 22. dxe5 Nd4 23. Nxd4 Rxd4 24. Bf4 Qc3 25. Qb5 Bxh3 0-1

[Event "SR 2. liga A 2015/2016"]
[Site "?"]
[Date "2015.10.18"]
[Round "2.4"]
[White "Bury, Rastislav"]
[Black "Fabry, Robert"]
[Result "1-0"]
[WhiteElo "2119"]
[BlackElo "2116"]
[PlyCount "117"]
[EventDate "2015.??.??"]

1. c4 Nf6 2. Nc3 c5 3. Nf3 Nc6 4. g3 e6 5. Bg2 Be7 6. O-O O-O 7. d4 cxd4 8.
Nxd4 a6 9. b3 Qc7 10. Bb2 b6 11. Rc1 Bb7 12. e4 Nxd4 13. Qxd4 Bc5 14. Qd3 Bc6
15. Rfd1 Ng4 16. Rd2 f5 17. Rcc2 Ne5 18. Qe2 f4 19. Nd5 f3 20. Nxc7 fxe2 21.
Rxe2 Nd3 22. Nxa8 Bxa8 23. Rcd2 Nxb2 24. Rxb2 e5 25. Bh3 Bc6 26. Rbd2 Rf7 27.
Kg2 g6 28. f3 a5 29. Rd1 Kf8 30. Red2 Ke8 31. Rd3 Bb4 32. Kh1 Bc5 33. Bg2 Ke7
34. Rf1 Bd6 35. h4 Rf6 36. Kh2 Rf7 37. Kh3 Rf6 38. Kg4 Rf7 39. f4 h6 40. fxe5
Bxe5 41. Rxf7+ Kxf7 42. Kf3 Ke7 43. Bh3 h5 44. Rd2 Bc3 45. Rc2 Be5 46. c5 b5
47. Rd2 b4 48. Bf1 Kf6 49. Bc4 Ke7 50. Bd5 Bb5 51. g4 Bf6 52. gxh5 gxh5 53. Kf4
Bxh4 54. Rh2 Bf6 55. e5 Bg7 56. Rxh5 Bd3 57. Be4 Bb5 58. Bf5 Kd8 59. Ke4 1-0

[Event "SR 2. liga A 2015/2016"]
[Site "?"]
[Date "2015.10.18"]
[Round "2.4"]
[White "Janos, Jozef"]
[Black "Spacek, Oliver"]
[Result "0-1"]
[WhiteElo "2133"]
[BlackElo "2104"]
[PlyCount "156"]
[EventDate "2015.??.??"]

1. Nf3 g6 2. d4 Bg7 3. e4 d6 4. Nc3 Nd7 5. Be3 Ngf6 6. h3 c6 7. Qd2 Qa5 8. a3
O-O 9. Be2 Re8 10. O-O a6 11. b4 Qc7 12. Rab1 b5 13. Rfe1 e5 14. dxe5 dxe5 15.
Red1 Bb7 16. Bg5 c5 17. Qe3 Rac8 18. Rd3 Nb6 19. Bxf6 Bxf6 20. Qxc5 Qxc5 21.
bxc5 Rxc5 22. a4 Rec8 23. Rb3 Be7 24. axb5 a5 25. Bf1 a4 26. Ra3 R5c7 27. Nxa4
Nc4 28. Ra1 Bxe4 29. b6 Rb7 30. Rc3 Nxb6 31. Ba6 Bxf3 32. gxf3 Rxc3 33. Nxc3
Rc7 34. Ne4 Rxc2 35. Rb1 Nd5 36. Bd3 Rc7 37. Rd1 Kg7 38. Bf1 Nf6 39. Ng3 Rc2
40. Bd3 Rb2 41. Rb1 Rd2 42. Bc4 Bc5 43. Ne2 e4 44. Kg2 Rc2 45. Re1 Rb2 46. Ra1
e3 47. fxe3 Bxe3 48. Ra3 Bc5 49. Ra2 Rb4 50. Rc2 Nd7 51. Ng3 Rb1 52. Bf1 h5 53.
Ne4 Be3 54. Nc3 Ra1 55. Nd5 Ba7 56. Nb4 Ra5 57. Rc7 Nc5 58. Bc4 Ra4 59. Rxf7+
Kh6 60. Bf1 Bb8 61. Nc6 Ra2+ 62. Kg1 Bg3 63. Nb4 Rd2 64. Re7 Bf2+ 65. Kh1 Bd4
66. Re2 Rd1 67. Kg2 Bc3 68. Na2 Be1 69. Re5 Nb3 70. Be2 Ra1 71. Re3 Rxa2 72.
Kf1 Nd4 73. Bd1 Bg3 74. Rd3 Rf2+ 75. Kg1 Ne6 76. f4 h4 77. Bg4 Nxf4 78. Re3 Rb2
0-1

[Event "SR 2. liga A 2015/2016"]
[Site "?"]
[Date "2015.10.18"]
[Round "2.4"]
[White "Ocko, Martin"]
[Black "Mikulas, Dusan"]
[Result "1/2-1/2"]
[WhiteElo "1948"]
[BlackElo "2079"]
[PlyCount "46"]
[EventDate "2015.??.??"]

1. e4 c5 2. Nf3 d6 3. d4 cxd4 4. Nxd4 Nf6 5. Nc3 a6 6. Bg5 e6 7. f4 Be7 8. Qf3
Qb6 9. O-O-O Nc6 10. Nb3 Qc7 11. g4 h6 12. Bh4 Bd7 13. Bg2 Rc8 14. Rhe1 O-O 15.
e5 dxe5 16. fxe5 Nxe5 17. Qxb7 Bc6 18. Bxc6 Nxc6 19. Qxc7 Rxc7 20. Bg3 Rcc8 21.
h3 Nb4 22. a3 Nc6 23. Bd6 Rfd8 1/2-1/2

[Event "SR 2. liga A 2015/2016"]
[Site "?"]
[Date "2015.10.18"]
[Round "2.4"]
[White "Kolman, Richard"]
[Black "Pericka, Tomas"]
[Result "1-0"]
[WhiteElo "2063"]
[BlackElo "2015"]
[PlyCount "61"]
[EventDate "2015.??.??"]

1. e4 c5 2. Nc3 Nc6 3. f4 g6 4. Nf3 Bg7 5. Bc4 d6 6. d3 Nf6 7. O-O Bg4 8. h3
Bxf3 9. Qxf3 Qd7 10. Be3 O-O-O 11. Bb3 e6 12. Ne2 Kb8 13. c3 Rc8 14. d4 cxd4
15. Nxd4 d5 16. e5 Ne4 17. Bc2 Nxd4 18. Bxd4 Nc5 19. Qe3 b6 20. a4 Bf8 21. b4
Na6 22. Bd3 Qb7 23. a5 b5 24. Qe2 Rc4 25. Bxc4 dxc4 26. Qf3 Nc7 27. Qxb7+ Kxb7
28. g4 h5 29. Kg2 hxg4 30. hxg4 a6 31. Rh1 1-0

[Event "SR 2. liga A 2015/2016"]
[Site "?"]
[Date "2015.10.18"]
[Round "2.4"]
[White "Nemeckay, Rastislav"]
[Black "Novacek, Vladimir"]
[Result "1/2-1/2"]
[WhiteElo "1983"]
[BlackElo "2031"]
[PlyCount "95"]
[EventDate "2015.??.??"]

1. e4 g6 2. d4 Bg7 3. Nc3 d6 4. Be3 Nc6 5. Qd2 e5 6. dxe5 Nxe5 7. O-O-O Ne7 8.
Bh6 O-O 9. Bxg7 Kxg7 10. f4 N5c6 11. Nf3 Bg4 12. Be2 Bxf3 13. Bxf3 f5 14. exf5
Nxf5 15. Bxc6 bxc6 16. g4 Ne7 17. Qd4+ Kg8 18. f5 d5 19. f6 Nc8 20. g5 Nd6 21.
h4 Nf5 22. Qg4 h5 23. gxh6 Qxf6 24. Rdg1 Kh7 25. h5 g5 26. Qxg5 Qxg5+ 27. Rxg5
Rf6 28. Rhg1 Raf8 29. Rg6 R8f7 30. Rg8 Rxh6 31. Ra8 Rxh5 32. Rxa7 Rh2 33. Rf1
Rxc2+ 34. Kxc2 Ne3+ 35. Kd3 Nxf1 36. Ra6 Rf6 37. Ra7 Kg6 38. Rxc7 Kf5 39. Re7
Ng3 40. a4 Nh5 41. Kd4 Nf4 42. b4 Ne6+ 43. Kd3 Ke5 44. b5 Kd6 45. Rh7 Nc5+ 46.
Ke3 Re6+ 47. Kd2 d4 48. bxc6 1/2-1/2

[Event "SR 2. liga A 2015/2016"]
[Site "?"]
[Date "2015.10.18"]
[Round "2.4"]
[White "Hudec, Jan"]
[Black "Danada, Ondrej"]
[Result "1-0"]
[WhiteElo "2017"]
[BlackElo "1925"]
[PlyCount "121"]
[EventDate "2015.??.??"]

1. d4 Nf6 2. c4 e6 3. Nc3 Bb4 4. e3 Bxc3+ 5. bxc3 c5 6. Nf3 Qe7 7. Bd3 d6 8.
Qc2 b6 9. e4 e5 10. Nd2 Nc6 11. d5 Nb8 12. Nf1 h6 13. Ne3 g5 14. g3 Kd8 15. f3
Nh5 16. Ng2 Bh3 17. Ne3 Qf6 18. Nf5 Bxf5 19. exf5 Nd7 20. Be3 Kc7 21. Be4 Ng7
22. O-O-O Qe7 23. Qa4 Nf6 24. Qc6+ Kb8 25. Kc2 g4 26. Rb1 Qc7 27. Qb5 gxf3 28.
Bxf3 Nxf5 29. Bd2 Qd7 30. Qxd7 Nxd7 31. Bg4 Nxg3 32. hxg3 Nf6 33. Bf5 Ng8 34.
g4 Kc7 35. Rbf1 Rf8 36. Rh2 Kd8 37. Rfh1 Ke7 38. Bg5+ Ke8 39. Bxh6 Nxh6 40.
Rxh6 Rxh6 41. Rxh6 Ke7 42. Kd3 Rg8 43. Ke4 a6 44. Rh7 Kf6 45. Kf3 b5 46. Rh4
Ke7 47. Rh2 b4 48. cxb4 cxb4 49. Rb2 a5 50. Bc2 Rh8 51. Ba4 Rh3+ 52. Ke4 Kf6
53. Rf2+ Kg6 54. Be8 Rh7 55. c5 Rh8 56. Bxf7+ Kg7 57. cxd6 a4 58. d7 Rd8 59.
Be6 b3 60. axb3 a3 61. Kxe5 1-0

[Event "SR 2. liga A 2015/2016"]
[Site "?"]
[Date "2015.10.18"]
[Round "2.4"]
[White "Ulehla, Jakub"]
[Black "Kuna, Vladimir"]
[Result "0-1"]
[WhiteElo "1644"]
[BlackElo "2013"]
[PlyCount "88"]
[EventDate "2015.??.??"]

1. e4 c5 2. Nf3 d6 3. d4 cxd4 4. Nxd4 Nf6 5. Nc3 a6 6. Be2 e6 7. O-O Qc7 8. f4
Nbd7 9. Bf3 Rb8 10. Be3 b5 11. Nce2 Bb7 12. Ng3 Be7 13. Qe2 Rc8 14. c3 O-O 15.
Rfd1 Rfd8 16. Bf2 Nf8 17. Bg4 Ng6 18. Nxe6 fxe6 19. Bxe6+ Kh8 20. Bxc8 Qxc8 21.
f5 Ne5 22. Bd4 Re8 23. Bxe5 dxe5 24. h3 Bc5+ 25. Kh1 Qc6 26. Re1 Bb6 27. Rad1
Qc5 28. Rd2 h6 29. Nh5 Nxe4 30. Qg4 Re7 31. Rd8+ Bxd8 32. Rxe4 Bxe4 33. f6 gxf6
34. Qxe4 Rf7 35. Qg6 Qf8 36. Ng3 Qg7 37. Qd3 Rd7 38. Qf5 Bb6 39. Qf3 Qg6 40.
Ne2 Kg7 41. Qc6 Rd1+ 42. Kh2 Be3 43. Qc7+ Qf7 44. Qc8 Qd7 0-1

[Event "SR 2. liga A 2015/2016"]
[Site "?"]
[Date "2015.10.18"]
[Round "2.5"]
[White "Rohacek, Miroslav"]
[Black "Balogh, Peter"]
[Result "1/2-1/2"]
[WhiteElo "2301"]
[BlackElo "2178"]
[PlyCount "81"]
[EventDate "2015.??.??"]

1. c4 Nf6 2. g3 e6 3. Bg2 d5 4. d4 c6 5. Nf3 Bd6 6. Qc2 O-O 7. O-O Ne4 8. b3
Nd7 9. a4 f5 10. Ba3 Qe7 11. Bxd6 Qxd6 12. a5 Ndf6 13. Nbd2 Bd7 14. e3 Be8 15.
Qb2 Bh5 16. Ne5 Nd7 17. Nd3 a6 18. Nf3 Bxf3 19. Bxf3 g5 20. Bg2 Rac8 21. f3
Nef6 22. c5 Qe7 23. Nf2 e5 24. dxe5 Qxe5 25. Qd4 Qxd4 26. exd4 h5 27. h4 g4 28.
Nd3 Rce8 29. Rfe1 Rxe1+ 30. Rxe1 Re8 31. Rxe8+ Nxe8 32. Nf4 Ng7 33. Bf1 Kf7 34.
Kf2 Nf8 35. Ke3 Nfe6 36. fxg4 fxg4 37. Bd3 Nxf4 38. Kxf4 Kf6 39. Bh7 Ne6+ 40.
Ke3 Ng7 41. Kf4 1/2-1/2

[Event "SR 2. liga A 2015/2016"]
[Site "?"]
[Date "2015.10.18"]
[Round "2.5"]
[White "Takacs, Laszlo"]
[Black "Karas, Marek"]
[Result "1/2-1/2"]
[WhiteElo "2147"]
[BlackElo "2280"]
[PlyCount "75"]
[EventDate "2015.??.??"]

1. e4 e6 2. d4 d5 3. Nc3 Nf6 4. e5 Nfd7 5. f4 c5 6. Nf3 Nc6 7. Be3 Be7 8. Qd2
O-O 9. Be2 a6 10. a4 Qb6 11. O-O cxd4 12. Nxd4 Bc5 13. a5 Qa7 14. Rad1 f6 15.
Bg4 fxe5 16. Bxe6+ Kh8 17. fxe5 Rxf1+ 18. Kxf1 Ndxe5 19. Nxc6 bxc6 20. Qf2 Bxe6
21. Bxc5 Qd7 22. Kg1 Kg8 23. Rf1 Bf7 24. b3 Re8 25. h3 Qe6 26. Bd4 Nd7 27. Na4
Bg6 28. Nc5 Nxc5 29. Bxc5 h6 30. Rd1 Qf5 31. Rd2 Qxf2+ 32. Kxf2 Kf7 33. c4 Re5
34. cxd5 Rxd5 35. Rxd5 cxd5 36. Ke3 Bc2 37. b4 Ba4 38. Kd4 1/2-1/2

[Event "SR 2. liga A 2015/2016"]
[Site "?"]
[Date "2015.10.18"]
[Round "2.5"]
[White "Sahidi, Samir"]
[Black "Cibulka, Vladimir"]
[Result "1-0"]
[WhiteElo "2244"]
[BlackElo "2180"]
[PlyCount "115"]
[EventDate "2015.??.??"]

1. e4 Nf6 2. Nc3 d5 3. e5 Ne4 4. Nce2 Nc5 5. d4 Ne6 6. f4 g6 7. Nf3 Ng7 8. Be3
Bg4 9. Nc3 Nf5 10. Bf2 h5 11. h3 Bxf3 12. Qxf3 c6 13. g4 hxg4 14. hxg4 Rxh1 15.
Qxh1 Nh6 16. Be2 Qd7 17. Qf3 Na6 18. Be3 f5 19. exf6 exf6 20. f5 g5 21. Bxa6
bxa6 22. O-O-O O-O-O 23. Bd2 Re8 24. Rg1 Nf7 25. Qd3 Qb7 26. Re1 Rxe1+ 27. Bxe1
Kd8 28. Bg3 Bb4 29. Nd1 Nh6 30. Ne3 Qb5 31. Qd1 a5 32. c3 Be7 33. a4 Qa6 34.
Kc2 Kd7 35. b3 Bd6 36. Bxd6 Kxd6 37. c4 Qc8 38. Qf3 Ng8 39. cxd5 cxd5+ 40. Kb2
Ne7 41. Qe2 a6 42. Qe1 Nc6 43. Qg3+ Kd7 44. Nxd5 Qd8 45. Qe3 Kc8 46. Qe6+ Kb7
47. Kc3 Nb4 48. Qe7+ Qxe7 49. Nxe7 Kc7 50. Kc4 Kd6 51. Ng6 Nd5 52. Kd3 Nb4+ 53.
Ke4 Nd5 54. Nf8 Nc3+ 55. Kd3 Nd5 56. Ne6 Nb4+ 57. Ke4 Kc6 58. Nc5 1-0

[Event "SR 2. liga A 2015/2016"]
[Site "?"]
[Date "2015.10.18"]
[Round "2.5"]
[White "Kalmar, Tamas"]
[Black "Kralovic, Andrej"]
[Result "1/2-1/2"]
[WhiteElo "2017"]
[BlackElo "2218"]
[PlyCount "87"]
[EventDate "2015.??.??"]

1. d4 Nf6 2. c4 e6 3. Nf3 b6 4. g3 Ba6 5. Qc2 c5 6. Bg2 Bb7 7. O-O cxd4 8. Nxd4
Bxg2 9. Kxg2 Bc5 10. Rd1 Qc8 11. b3 Qb7+ 12. Kg1 d5 13. Bb2 O-O 14. Nd2 Nbd7
15. e3 Rac8 16. Qd3 Rfd8 17. Qe2 dxc4 18. Nxc4 b5 19. Nd2 a6 20. Rac1 h6 21.
Qf3 Nd5 22. Ne4 Be7 23. Nc3 N7f6 24. Nde2 Qb8 25. Nxd5 Rxd5 26. Nc3 Rf5 27. Qe2
Rfc5 28. Qd3 Qb7 29. Ne2 Rxc1 30. Rxc1 Rd8 31. Qc2 Qf3 32. Nd4 Qh5 33. Nc6 Rd7
34. Nxe7+ Rxe7 35. Bxf6 gxf6 36. Qc8+ Kg7 37. Qxa6 Rd7 38. Qc6 Rd2 39. a4 Qe2
40. Rf1 bxa4 41. bxa4 Ra2 42. Qe4 Qa6 43. Qg4+ Kh7 44. Qe4+ 1/2-1/2

[Event "SR 2. liga A 2015/2016"]
[Site "?"]
[Date "2015.10.18"]
[Round "2.5"]
[White "Macko, Miroslav"]
[Black "Veselsky, Jozef"]
[Result "1-0"]
[WhiteElo "2168"]
[BlackElo "2075"]
[PlyCount "73"]
[EventDate "2015.??.??"]

1. e4 c5 2. Nf3 Nc6 3. d4 cxd4 4. Nxd4 Nf6 5. Nc3 d6 6. Be3 g6 7. f3 Bg7 8. Qd2
O-O 9. O-O-O Bd7 10. h4 h5 11. Nxc6 bxc6 12. Bh6 Rb8 13. Bxg7 Kxg7 14. Be2 Qb6
15. b3 Be6 16. g4 Qc5 17. gxh5 Qxh5 18. Rdg1 Qh6 19. f4 Nh5 20. f5 Bd7 21. Rg5
Kh7 22. Rhg1 Be8 23. Bxh5 gxh5 24. Rg7+ Qxg7 25. Rxg7+ Kxg7 26. Qg5+ Kh7 27.
Qxh5+ Kg7 28. Qg5+ Kh8 29. Qxe7 Rg8 30. Qxd6 Rg1+ 31. Kb2 Rc8 32. Qd4+ Rg7 33.
Qxa7 f6 34. Qd4 Rf7 35. e5 fxe5 36. Qxe5+ Kg8 37. Ne4 1-0

[Event "SR 2. liga A 2015/2016"]
[Site "?"]
[Date "2015.10.18"]
[Round "2.5"]
[White "Ivan, Imrich Ml"]
[Black "Macko, Peter"]
[Result "1-0"]
[WhiteElo "2039"]
[BlackElo "2156"]
[PlyCount "75"]
[EventDate "2015.??.??"]

1. Nf3 d5 2. d4 c5 3. c3 e6 4. Bf4 Nf6 5. e3 Be7 6. Ne5 Nbd7 7. Bd3 Nxe5 8.
Bxe5 O-O 9. O-O Qb6 10. b3 Bd7 11. Nd2 Rac8 12. Rc1 cxd4 13. cxd4 Rxc1 14. Qxc1
Rc8 15. Qb1 Bb5 16. Bxb5 Qxb5 17. Rc1 Rc6 18. Bxf6 Bxf6 19. g3 g6 20. Kg2 Kg7
21. Rxc6 Qxc6 22. Qd3 Qc1 23. Nf3 Qa3 24. Qc2 b6 25. h4 Kg8 26. g4 Be7 27. h5
Kg7 28. Qc7 f6 29. g5 fxg5 30. Nxg5 Qd6 31. h6+ Kg8 32. Qc8+ Bf8 33. Nxe6 Qe7
34. Kg3 Qf6 35. Qxf8+ Qxf8 36. Nxf8 Kxf8 37. Kf4 Ke7 38. Ke5 1-0

[Event "SR 2. liga A 2015/2016"]
[Site "?"]
[Date "2015.10.18"]
[Round "2.5"]
[White "Vrtiakova, Anna"]
[Black "Vegh, Vince"]
[Result "1-0"]
[WhiteElo "2123"]
[BlackElo "1957"]
[PlyCount "105"]
[EventDate "2015.??.??"]

1. e4 c5 2. Nf3 Nc6 3. d4 cxd4 4. Nxd4 e5 5. Nb3 Nf6 6. Nc3 h6 7. a3 a6 8. f4
Be7 9. fxe5 Nxe5 10. Bf4 Ng6 11. Be3 O-O 12. Bd3 b5 13. O-O Bb7 14. Nd4 Bc5 15.
Nf5 Qb6 16. Bxc5 Qxc5+ 17. Kh1 Qe5 18. Qf3 Kh7 19. Rae1 d6 20. Nd1 Rae8 21. Nc3
Nd7 22. a4 bxa4 23. Nxa4 Nc5 24. Nxc5 Qxc5 25. Qg3 Qe5 26. Nxd6 Qxg3 27. hxg3
Re7 28. Nxb7 Rxb7 29. b3 Rb6 30. Ra1 Ra8 31. Ra5 Kg8 32. Rfa1 f6 33. Rxa6 Rbxa6
34. Rxa6 Rxa6 35. Bxa6 Kf8 36. Kg1 Ke7 37. Kf2 Kd6 38. b4 Ne5 39. Be2 Nc6 40.
c3 Ke5 41. Ke3 Kd6 42. Bb5 Ne5 43. Kd4 Kc7 44. c4 Nf7 45. c5 Ne5 46. Ba4 Ng6
47. b5 Ne5 48. b6+ Kb7 49. Kd5 Nd3 50. Bc6+ Kc8 51. Kd6 Ne1 52. b7+ Kb8 53. Bd5
1-0

[Event "SR 2. liga A 2015/2016"]
[Site "?"]
[Date "2015.10.18"]
[Round "2.5"]
[White "Darazs, Zoltan"]
[Black "Suchansky, Jakub"]
[Result "1-0"]
[WhiteElo "2137"]
[BlackElo "1946"]
[PlyCount "73"]
[EventDate "2015.??.??"]

1. e4 c5 2. Nf3 e6 3. d4 cxd4 4. Nxd4 Nc6 5. Nc3 Qc7 6. Be3 Nf6 7. Be2 a6 8.
O-O Be7 9. f4 d6 10. Qe1 O-O 11. Qg3 Rb8 12. e5 Ne8 13. Ne4 d5 14. Ng5 Nxd4 15.
Bxd4 h6 16. Nh3 Qxc2 17. Bd3 Qa4 18. Ba7 Ra8 19. Be3 Bd7 20. f5 exf5 21. Bxf5
Bxf5 22. Rxf5 Qc6 23. Qf2 Rc8 24. Rf1 Qe6 25. Rh5 Qc6 26. Rf5 Qe6 27. g4 Nc7
28. Nf4 Qd7 29. Nh5 Qe8 30. Nxg7 Kxg7 31. Bxh6+ Kg8 32. Bxf8 Bxf8 33. Rxf7 Bg7
34. Rxg7+ Kxg7 35. Qf6+ Kg8 36. Qg5+ Kh7 37. Rf6 1-0

[Event "SR 2. liga A 2015/2016"]
[Site "?"]
[Date "2015.10.18"]
[Round "2.6"]
[White "Duben, Igor"]
[Black "Cech, Dominik"]
[Result "1-0"]
[WhiteElo "2205"]
[BlackElo "2112"]
[PlyCount "55"]
[EventDate "2015.??.??"]

1. d4 Nf6 2. Nf3 g6 3. c4 Bg7 4. g3 O-O 5. Bg2 d6 6. O-O Nc6 7. Nc3 a6 8. h3
Bd7 9. a4 e5 10. e4 exd4 11. Nxd4 Nxd4 12. Qxd4 Qc8 13. h4 Re8 14. Qd3 Bc6 15.
Re1 a5 16. Be3 Ng4 17. Bd4 Ne5 18. Bxe5 Bxe5 19. Re2 Qd7 20. b3 f5 21. exf5
Bxg2 22. Kxg2 Qg7 23. Rae1 Rf8 24. Nd5 c6 25. f4 Bd4 26. Re7 Qh8 27. fxg6 hxg6
28. Qxg6+ 1-0

[Event "SR 2. liga A 2015/2016"]
[Site "?"]
[Date "2015.10.18"]
[Round "2.6"]
[White "Bednar, Jan"]
[Black "Sosovicka, Matej"]
[Result "1/2-1/2"]
[WhiteElo "2129"]
[BlackElo "2087"]
[PlyCount "57"]
[EventDate "2015.??.??"]

1. d4 d5 2. c4 c6 3. Nf3 Nf6 4. Nc3 a6 5. e3 b5 6. c5 g6 7. Be2 Bg7 8. O-O O-O
9. a3 a5 10. Bd2 Nbd7 11. b4 a4 12. Qc2 Qc7 13. Rad1 e5 14. dxe5 Nxe5 15. Nd4
Re8 16. h3 Be6 17. Bc1 Rad8 18. Bb2 Nc4 19. Nxe6 Rxe6 20. Bxc4 dxc4 21. Rxd8+
Qxd8 22. Rd1 Qe8 23. Ne2 Nd5 24. Bxg7 Kxg7 25. Nd4 Re7 26. Nxb5 Nxe3 27. Qc3+
Kg8 28. fxe3 cxb5 29. Qf6 1/2-1/2

[Event "SR 2. liga A 2015/2016"]
[Site "?"]
[Date "2015.10.18"]
[Round "2.6"]
[White "Oprea, Erik"]
[Black "Nemsak, Denis"]
[Result "1-0"]
[WhiteElo "2048"]
[BlackElo "2051"]
[PlyCount "89"]
[EventDate "2015.??.??"]

1. e4 d5 2. exd5 Nf6 3. d4 Nxd5 4. c4 Nb6 5. Nf3 g6 6. Nc3 Bg7 7. Be3 O-O 8. h3
Nc6 9. Rc1 e5 10. d5 Ne7 11. Be2 Nf5 12. Bc5 Re8 13. Ne4 Nd6 14. Nfd2 f5 15.
Nc3 a5 16. Ba3 Nf7 17. O-O e4 18. Nb3 f4 19. c5 f3 20. cxb6 fxg2 21. Re1 Qh4
22. Bg4 Ng5 23. Re3 h5 24. Bxc8 Raxc8 25. Kxg2 Rf8 26. Bxf8 Rxf8 27. Rc2 Rf3
28. Qh1 Nxh3 29. Nxe4 Nf4+ 30. Kg1 Qg4+ 31. Ng3 Rxe3 32. fxe3 Qd1+ 33. Nf1 Qxc2
34. exf4 a4 35. Nbd2 Qxb2 36. bxc7 Qb6+ 37. Kh2 Qxc7 38. Qe4 b5 39. Qe6+ Kh7
40. d6 Qb6 41. Ne4 b4 42. f5 gxf5 43. Ng5+ Kh8 44. Qc8+ Qd8 45. Qxd8+ 1-0